| 000 | 00743nam a2200229 a 4500 | ||
|---|---|---|---|
| 003 | PILC | ||
| 005 | 20150819142136.0 | ||
| 008 | 100723s19uu xx 00 eng d | ||
| 020 | _a9812405720 | ||
| 020 | _a0619033576 | ||
| 050 |
_aT 58.6 _b.St7 2001 |
||
| 082 |
_aMnSF 658.4038011 _bSt1 2001 |
||
| 100 |
_aStair, Ralph M. _99326 |
||
| 245 |
_aPrinciples of information systems : _ba managerial approach / _cRalph M. Stair, George W. Reynolds. |
||
| 250 | _a5th edition. | ||
| 260 |
_aSingapore : _bThomson Learning Asia, _c2001. |
||
| 300 |
_a616 pages : _billustration ; _c24 cm. |
||
| 500 | _aIncludes glossary and index. | ||
| 650 |
_aManagement information systems _914280 |
||
| 700 |
_aReynolds, George W. _99327 |
||
| 942 |
_2lcc _cBK |
||
| 999 |
_c14601 _d14601 |
||